Movies Quiz

Random Movies or Box Office Quiz
Score 0/5 Timer 01:00
2 Plays Today
Year Movie % Correct
2009Avatar
91.2%
1997Titanic
90.4%
2019Avengers: Endgame
81.5%
2018Avengers: Infinity War
66.9%
2015Star Wars: The Force Awakens
37.7%
Remove Ads.
Support Sporcle.
Get the best of Sporcle when you Go Orange. This ad-free experience offers more features, more stats, and more fun while also helping to support Sporcle. Thank you for becoming a member.

You're not logged in!

Compare scores with friends on all Sporcle quizzes.
OR
Log In

Show Comments

Extras

Top Quizzes Today


Score Distribution

Your Account Isn't Verified!

In order to create a playlist on Sporcle, you need to verify the email address you used during registration. Go to your Sporcle Settings to finish the process.

Report this User

Report this user for behavior that violates our Community Guidelines.

Details: